000 nam a22 4500
999 _c219548
_d219548
003 Nust
005 20170213193538.0
008 170213b xxu||||| |||| 00| 0 eng d
020 _a9780755347346
040 _cNust
082 _a823.92
_bGIB
100 _aGibbins, David.
_d1988
245 _aThe Lost Gospel/
_cDavid Gibbins.
260 _aUK
_bHeadline Book Publishing
_c2008
300 _a561 p,
_g20 cm
650 _aMarine archaeologists
_xFiction
650 _aChristian antiquities
_xFiction
942 _2ddc
_cBK